| 000 | 01537nam2a2200277 4500 | ||
|---|---|---|---|
| 001 | rc\2878056 | ||
| 005 | 20260315052139.0 | ||
| 035 | _a(NLR Aleph) 007031059 | ||
| 090 |
_a13584581 _c13584581 |
||
| 100 | _a20110718d1933 u y0rusy50 ca | ||
| 101 | 0 | _arus | |
| 102 | _aRU | ||
| 105 | _aa z ||||| | ||
| 200 | 1 |
_aВодозаборные сооружения и отстойные бассейны _fЕ.А. Замарин. Д.Я. Соколов |
|
| 210 | _d1933 | ||
| 215 |
_aПапка, 171 с. _cил. |
||
| 300 | _aНа тит. л.: "Е.А. Замарин. Д.Я. Соколов. Гидротехнические сооружения ..." | ||
| 320 | _aБиблиогр.: "Список просм. лит." (с. 170-71) | ||
| 461 | 0 |
_1001rc\2827484 _12001#$aГидротехнические сооружения$eТ. 1-$fСССР-НКЗ-Главводхоз. Ср.-Азиат. гипровод "Сазгипровод" (б. "Средазводпроиз")$vТ. 2 _1700#1$aЗамарин$bЕ.А.$gЕвгений Алексеевич$f1884- _95575937 _aЗамарин, Е.А. (1884-) _cМосква _d1932 _fСССР-НКЗ-Главводхоз. Ср.-Азиат. гипровод "Сазгипровод" (б. "Средазводпроиз") _nСазгипровод _oТ. 1- _tГидротехнические сооружения _vТ. 2 |
|
| 700 | 1 |
_aЗамарин _bЕ.А. |
|
| 701 | 1 |
_aСоколов _bД.Я. |
|
| 801 | 0 |
_aRU _bNLR _gpsbo |
|
| 801 | 1 |
_aRU _bELAR _2rusmarc |
|
| 852 |
_aNLR _j33-18/409(2) |
||
| 942 | _cUNSPEC | ||
| 980 | _aNB | ||